Tự đặt hợp âm cho đàn Guitar & Organ : Đệm hát-Độc tấu-Hòa tấu

Gardado en:
Detalles Bibliográficos
Autor Principal: Sơn, Hồng Vỹ
Formato: Libro
Idioma:Undetermined
Publicado: Hà Nội Giao thông vận tải 2002
Những chủ đề:
Các nhãn: Engadir etiqueta
Sen Etiquetas, Sexa o primeiro en etiquetar este rexistro!
Thư viện lưu trữ: Trung tâm Học liệu Trường Đại học Cần Thơ
LEADER 00593nam a2200193Ia 4500
001 CTU_92468
008 210402s9999 xx 000 0 und d
082 |a 781.4 
082 |b V600/T3 
100 |a Sơn, Hồng Vỹ 
245 0 |a Tự đặt hợp âm cho đàn Guitar & Organ : 
245 0 |b Đệm hát-Độc tấu-Hòa tấu 
245 0 |c Sơn Hồng Vỹ 
260 |a Hà Nội 
260 |b Giao thông vận tải 
260 |c 2002 
650 |a Techniques of music 
904 |i Tuyến 
980 |a Trung tâm Học liệu Trường Đại học Cần Thơ